00875cam a2200241 i 4500003000900000005001700009008004100026020001900067040003300086082001600119100003200135245015300167264003400320300004500354504005100399526000900450650004400459650002300503650002400526650002500550700003400575700002400609BD-DhUIB20210605151726.0170915s2018 nyua b 001 0 eng  a97807535552193 aDLCbengcDLCerdadBD-DhUIB00a658.4092231 aBotelho, Elena L.,eauthor.14aThe CEO next door :bthe 4 behaviors that transform ordinary people into world-class leaders /cby Elena L. Botelho and Kim R. Powell with Tahl Raz. 1aNew York :bCurrency,c[2018] axi, 272 pages :billustrstions ;c23 cm. aIncludes bibliographical references and index. aDBA. 0aChief executive officersvCase studies. 0aExecutive ability. 0aCareer development. 0aSuccess in business.1 aPowell, Kimberly R.,eauthor.1 aRaz, Tahl,eauthor.